| 000 | 00483nam a2200193Ia 4500 | ||
|---|---|---|---|
| 008 | 170918s9999 xx 000 0 und d | ||
| 020 | _a590486888 | ||
| 050 | _bH523 1951 | ||
| 100 | _aHenry, Marguerite | ||
| 245 | _aAlbum of horses / | ||
| 245 | _cMarguerite Henry ; illustrations by Wesley Dennis. | ||
| 260 | _aNew York : | ||
| 260 | _bScholastic, | ||
| 260 | _c1951 | ||
| 300 | _a110 pages : | ||
| 300 | _bcolored illustration ; | ||
| 300 | _c28cm. | ||
| 500 | _a1000 | ||
| 999 |
_c342341 _d342341 |
||